Loading...
| Literature - American | 0 | 7 | 0 | 0 | 70 | 95 | 122.86 | 1 | 2 | 7.81 | 25.33 |
| Literature - British | 0 | 6 | 1 | 1 | 55 | 105 | 119.83 | 0 | 1 | 6.83 | 22.94 |
| Philosophy | 0 | 5 | 0 | 1 | 50 | 101 | 118.60 | 0 | 0 | 3.03 | 16.77 |
| Literature - European | 0 | 5 | 1 | 1 | 45 | 77 | 120.20 | 1 | 1 | 6.14 | 17.34 |
| Literature - World | 0 | 5 | 2 | 0 | 40 | 78 | 116.20 | 0 | 1 | 6.56 | 17.49 |
| Fine Arts - Classical Music | 0 | 1 | 0 | 0 | 10 | 135 | 135.00 | 0 | 0 | 0.37 | 0.84 |
| Mythology | 0 | 1 | 0 | 0 | 10 | 114 | 114.00 | 0 | 0 | 2.46 | 5.21 |
| Religion | 0 | 1 | 0 | 0 | 10 | 116 | 116.00 | 0 | 0 | 0.90 | 2.17 |
| Social Science | 0 | 1 | 1 | 0 | 5 | 124 | 124.00 | 0 | 0 | 0.05 | 2.24 |
| Other Academic | 0 | 1 | 1 | 0 | 5 | 124 | 124.00 | 0 | 0 | 0.43 | 3.33 |
| Fine Arts - Painting & Sculpture | 0 | 1 | 1 | 0 | 5 | 106 | 106.00 | 0 | 0 | 1.26 | 3.92 |
| History - World | 0 | 0 | 0 | 0 | 0 | 0.00 | 0 | 0 | 0.00 | 0.00 | |
| History - Other | 0 | 0 | 0 | 0 | 0 | 0.00 | 0 | 0 | 0.00 | 0.00 | |
| History - European | 0 | 0 | 1 | 0 | -5 | 0.00 | 0 | 0 | 0.00 | 0.00 |